000 00934nam a2200241 i 4500
001 134491
003 ES-MaACL
005 20251201194157.0
007 t|
008 070911s1973 sp |||| | spa d
020 _a84-304-1110-0
080 _a22.017(063)
111 2 _aSemaine de Etudes Bibliques (
_d1965.
_cStrasbourg)
_9970
245 1 4 _aLos estudios bíblicos en la actualidad
_b: los grandes problemas de la Exégesis /
_c[texto revisado de las conferencias] bajo la dirección de... Jean-Julien Weber y Joseph Schmitt... ; traducción del francés por Diorki.
260 _aMadrid :
_bStudium,
_c[1973]
300 _a219 p. ;
_c22 cm.
630 0 _aBiblia-
_xCrítica e interpretación-
_vCongresos y asambleas.
_9163399
700 1 _aWeber, Jean Julien,
_cObispo de Estrasburgo
_9144778
700 1 _aSchmitt, Joseph.
_9104521
710 2 _aDiorki.
_93392
852 _aES-MaACL
_jC-51919
999 _c134491
_d134491